000 00406nam a22001697a 4500
020 _a9788196365622
082 _aM 306
_bMIN/B
100 _aMini S
245 _aBhakshanam vasthram acharam/
_cby Mini S
250 _a3rd ed.
260 _akozhikode:
_bPavanatma Publishers,
_c2023.
300 _a191p.
650 _aCulture
650 _aCultural Studies
650 _aSocial Sciences
942 _cBK
999 _c181868
_d181868